| 000 | 01523nam0a2200385 4500 | ||
|---|---|---|---|
| 001 | RU\NLR\bibl\1946637 | ||
| 005 | 20250616203704.0 | ||
| 010 |
_a978-5-7103-1948-2 _9500 |
||
| 021 |
_aRU _b2012-64852 _94766 |
||
| 035 | _a(NLR Aleph) 001935842 | ||
| 090 |
_a3498476 _c3498476 |
||
| 100 | _a20120920d2008 |||y0rusy50 ca | ||
| 101 | 0 | _arus | |
| 102 | _aRU | ||
| 105 | _aa ||||||||| | ||
| 200 | 1 |
_aСтароакшинские помещики _eиз истории родового гнезда Огаревых и Сатиных _eмонография _fС.Б. Бахмустов |
|
| 205 | _a2-е изд., испр. и доп. | ||
| 210 |
_aСаранск _cИзд-во Мордовского университета _d2008 |
||
| 215 |
_a169, [2] с. _cил., портр. _d21 |
||
| 320 | _aБиблиогр. в примеч. в конце кн. | ||
| 602 |
_aОгаревы (род) _92360781 _3RU\NLR\auth\661409757 |
||
| 602 |
_aСатины (род) _92360783 _3RU\NLR\auth\661409758 |
||
| 607 |
_aСтарое Акшино, село (Мордовия) _xИстория _92360812 _3RU\NLR\auth\661409772 |
||
| 686 | _aТ214(2)0-21 | ||
| 686 | _aТ3(2Р-6Мо) | ||
| 700 | 1 |
_aБахмустов _bС. Б. _gСергей Борисович _4070 |
|
| 722 | _aОгаревы (род) | ||
| 722 | _aСатины (род) | ||
| 801 | 0 |
_aRU _bNLR _c20120920 _gRCR |
|
| 801 | 1 |
_aRU _bNLR _c20120920 |
|
| 942 | _cBOOK | ||
| 980 | _aNB | ||
| 980 | _aGENEAL02 | ||